المستشرقون و التراث / (رقم التسجيلة. 102882)
[ عرض عادي ]
| 000 -LEADER | |
|---|---|
| fixed length control field | 00795cam a2200229 a 4500 |
| 003 - CONTROL NUMBER IDENTIFIER | |
| control field | EG-GiCUC |
| 008 - FIXED-LENGTH DATA ELEMENTS--GENERAL INFORMATION | |
| fixed length control field | 080921s1986 ba g 000 0 ara d |
| 040 ## - CATALOGING SOURCE | |
| Original cataloging agency | EG-GiCUC |
| Language of cataloging | ara |
| Transcribing agency | EG-GiCUC |
| 092 04 - LOCALLY ASSIGNED DEWEY CALL NUMBER (OCLC) | |
| Classification number | 216 |
| Item number | D543 |
| Edition number | 21 |
| 099 ## - LOCAL FREE-TEXT CALL NUMBER (OCLC) | |
| Classification number | 04 |
| -- | 216 D543 |
| 100 1# - MAIN ENTRY--PERSONAL NAME | |
| Personal name | الديب : عبد العظيم |
| 245 12 - TITLE STATEMENT | |
| Title | المستشرقون و التراث / |
| Statement of responsibility, etc. | عبد العظيم الديب |
| 260 ## - PUBLICATION, DISTRIBUTION, ETC. | |
| Place of publication, distribution, etc. | البحرين : |
| Name of publisher, distributor, etc. | مكتبة ابن تيمية : |
| Date of publication, distribution, etc. | 1986 |
| 300 ## - PHYSICAL DESCRIPTION | |
| Extent | 46ص ؛ |
| Dimensions | 24سم |
| 650 #7 - SUBJECT ADDED ENTRY--TOPICAL TERM | |
| Topical term or geographic name entry element | الاستشراق و المستشرقون |
| Source of heading or term | qrmak |
| 650 #7 - SUBJECT ADDED ENTRY--TOPICAL TERM | |
| Topical term or geographic name entry element | الاسلام |
| General subdivision | دفع مطاعن |
| Source of heading or term | qrmak |
| 902 ## - LOCAL DATA ELEMENT B, LDB (RLIN) | |
| No. of Items | 1 |
| 905 ## - LOCAL DATA ELEMENT E, LDE (RLIN) | |
| Cataloger | ابراهيم |
| Reviser | مدخل |
| 905 ## - LOCAL DATA ELEMENT E, LDE (RLIN) | |
| Cataloger | عمر |
| Reviser | مراجع |
| 942 ## - ADDED ENTRY ELEMENTS (KOHA) | |
| Source of classification or shelving scheme | Dewey Decimal Classification |
| Koha item type | Books |
| Source of classification or shelving scheme | Not for loan | Home library | Current library | Date acquired | Full call number | Barcode | Date last seen | Copy number | Koha item type |
|---|---|---|---|---|---|---|---|---|---|
| Dewey Decimal Classification | المكتبة المركزبة الجديدة - جامعة القاهرة | قاعة المكتبات المهداة - الدور الرابع | 11.02.2024 | 216 D543 K.B. | 01000103000941000 | 23.06.2024 | C.1 | Books |